| 000 | 00451nam a22001577a 4500 | ||
|---|---|---|---|
| 020 | _a9789349946323 | ||
| 082 |
_aM 894.812 07 _bRAG/S |
||
| 245 |
_aSahithyam samskaram: _bakhyanathinte puthuvazhikal/ _cby Ragini E. V (ed.) |
||
| 260 |
_aKozhikode: _bPavanatma Publishers, _c2025. |
||
| 300 | _a208p. | ||
| 650 | _aLiterature Malayalam Study | ||
| 650 | _aLiterature Malayalam | ||
| 650 | _aLiterature | ||
| 700 | _aRagini E. V (ed.) | ||
| 942 | _cBK | ||
| 999 |
_c181928 _d181928 |
||